Pilotes de Formule 1 en 2005 - Statistiques

Statistiques générales
  • Ce quiz a été pris 44 fois
  • Le résultat moyen est 14 sur 27
Statistiques - réponses
Ecurie(s) Numéro Nationalité Nom du pilote Grand Prix disputés % Correct
Ferrari 1 Allemand Schumacher Tous
100%
Toyota 16 Allemand Schumacher Tous sauf Indianapolis
100%
Renault 5 Espagnol Alonso Tous
88%
Ferrari 2 Brésilien Barrichello Tous
83%
BAR 3 Britannique Button Tous
83%
Sauber 12 Brésilien Massa Tous
78%
Mclaren 9 Finlandais Raikkonen Tous
75%
Williams 7 Australien Webber Tous
75%
Sauber 11 Canadien Villeneuve Tous
70%
Renault 6 Italien Fisichella Tous
65%
Mclaren 10 Colombien Montoya Tous sauf Bahreïn et Imola
60%
Redbull 14 Britannique Coulthard Tous
58%
Toyota 17 Italien Trulli Tous
58%
BAR 4 Japonais Sato Tous sauf Kuala Lumpur
50%
Mclaren 10 Espagnol de la Rosa Bahreïn
48%
Redbull 15 Italien Liuzzi D'Imola à Nurburgring
43%
Williams 8 Allemand Heidfeld De Melbourne à Istanbul
40%
Mclaren 10 Autrichien Wurz Imola
40%
Jordan 18 Portugais Monteiro Tous
35%
Redbull 15 Autrichien Klien Tous sauf d'Imola à Nurburgring
33%
Jordan 19 Indien Karthikeyan Tous
28%
Minardi 20 Néerlandais Doornbos De Hockenheim à Shangaï
25%
Minardi 21 Néerlandais Albers Tous
20%
BAR 4 Britannique Davidson Kuala Lumpur
15%
Williams 8 Brésilien Pizzonia De Monza à Shangaï
15%
Toyota 16 Brésilien Zonta Indianapolis
13%
Minardi 20 Autrichien Friesacher De Melbourne à Silverstone
10%
Aucun quiz correspondant
Distribution des résultats
% des personnes avec chaque résultat
Percentile par nombre de réponses
Votre historique - résultats
Vous n’avez pas pris ce quiz